| 000 | 00826nam a2200265Ia 4500 | ||
|---|---|---|---|
| 003 | OSt | ||
| 005 | 20220918170848.0 | ||
| 006 | a|||||r|||| 00| 0 | ||
| 007 | ta | ||
| 008 | 220917b |||||||| |||| 00| 0 eng d | ||
| 020 | _a9780748623792 (pbk) | ||
| 024 | _a232,396 | ||
| 037 |
_b3242, 16/10/2007, Selectbook Service Syndicate _cTextual |
||
| 040 |
_aARTS _cARTS _beng |
||
| 041 |
_2eng _aeng |
||
| 082 | _aPvk, P7 | ||
| 100 |
_aCampbell Lyle _918316 |
||
| 245 | 0 | _aGlossary of historical linguistics | |
| 260 |
_aEdinburgh _bEdinburgh University Press _c2007 |
||
| 300 |
_avi, 237p. _ccm. |
||
| 650 | _aLINGUISTICS | ||
| 700 |
_a Mixco Mauricio J. _931779 |
||
| 942 |
_hPvk, P7 _cTEXL _2CC |
||
| 999 |
_c136299 _d136299 |
||